Annual International Exhibitions of selected works of fine and industrial art and scientific inventions, under the direction of her Majesty's Commissioners fo the exhibition of 1851 : rules for objects sent through foreign commissions : International Exhibition of 1871 rules for objects sent through foreign commissions :
Descripción Física:
33 cm
Materias:
Invents -- Exposicions
MARC
| LEADER | 00000nam a2200000Ia 4500 | ||
|---|---|---|---|
| 001 | 23573, 23574, 23575, 23576, 23577, 23578 | ||
| 008 | 160829s1871 xx 000 0 cat d | ||
| 080 | |a RF-17-38, RF-17-39, RF-17-40, RF-17-41, RF-17-42, RF-17-43 | ||
| 245 | |a Annual International Exhibitions of selected works of fine and industrial art and scientific inventions, under the direction of her Majesty's Commissioners fo the exhibition of 1851 : |b rules for objects sent through foreign commissions : |b International Exhibition of 1871 | ||
| 260 | |a [s.l. : |b s.n], |c 1871 | ||
| 300 | |a 33 cm | ||
| 590 | |a Prové de 1530. | ||
| 650 | |a Invents |x Exposicions |9 48985 | ||
| 856 | 4 | |u https://media.diba.cat/diba/fitxers/arxiu/fulletons/bib_23578_1870_baixa.pdf |y Núm. 20 | |
| 856 | 4 | |u https://media.diba.cat/diba/fitxers/arxiu/fulletons/bib_23577_1870_baixa.pdf |y Núm. 19 | |
| 856 | 4 | |u https://media.diba.cat/diba/fitxers/arxiu/fulletons/bib_23576_1870_baixa.pdf |y Núm. 18 | |
| 856 | 4 | |u https://media.diba.cat/diba/fitxers/arxiu/fulletons/bib_23575_1870_baixa.pdf |y Núm. 17 | |
| 856 | 4 | |u https://media.diba.cat/diba/fitxers/arxiu/fulletons/bib_23574_baixa.pdf |y Num. 16 | |
| 856 | 4 | |u https://media.diba.cat/diba/fitxers/arxiu/fulletons/bib_23573_1870_baixa.pdf |y Núm. 15 | |
| 856 | 4 | |u https://media.diba.cat/diba/fitxers/arxiu/fulletons/bib_23578_1870_baixa.pdf |y Núm. 20 | |
| 856 | 4 | |u https://media.diba.cat/diba/fitxers/arxiu/fulletons/bib_23577_1870_baixa.pdf |y Núm. 19 | |
| 856 | 4 | |u https://media.diba.cat/diba/fitxers/arxiu/fulletons/bib_23576_1870_baixa.pdf |y Núm. 18 | |
| 856 | 4 | |u https://media.diba.cat/diba/fitxers/arxiu/fulletons/bib_23575_1870_baixa.pdf |y Núm. 17 | |
| 856 | 4 | |u https://media.diba.cat/diba/fitxers/arxiu/fulletons/bib_23574_baixa.pdf |y Num. 16 | |
| 856 | 4 | |u https://media.diba.cat/diba/fitxers/arxiu/fulletons/bib_23573_1870_baixa.pdf |y Núm. 15 | |
| 866 | |a Març 1870 (15, 16, 17, 18, 19 i 20) | ||
| 901 | |a Arxiu | ||
| 942 | |n 1 |2 udc | ||
| 952 | |0 0 |1 0 |4 0 |6 RF1738_RF1739_RF1740_RF1741_RF1742_RF1743 |7 1 |9 55020 |a Arxiu |b Arxiu |d 2012-08-09 |l 0 |o RF-17-38, RF-17-39, RF-17-40, RF-17-41, RF-17-42, RF-17-43 |p 23573, 23574, 23575, |r 2016-12-01 00:00:00 |w 2016-12-01 |y ARXIU | ||
| 999 | |c 58890 |d 58890 | ||
| 900 | |a bib_23573_1870_baixa.pdf | ||
| 900 | |a bib_23574_baixa.pdf | ||
| 900 | |a bib_23575_1870_baixa.pdf | ||
| 900 | |a bib_23576_1870_baixa.pdf | ||
| 900 | |a bib_23577_1870_baixa.pdf | ||
| 900 | |a bib_23578_1870_baixa.pdf | ||